| 000 | 00382nam a2200157Ia 4500 | ||
|---|---|---|---|
| 008 | 140316s9999 xx 000 0 und d | ||
| 020 | _a | ||
| 082 |
_a634.9 _bSTE/FO |
||
| 100 | _aStebbing,E P | ||
| 245 | _aForests of India v.1 | ||
| 260 |
_aNew Delhi _bA J reprints agency _c1982 |
||
| 300 | _a548 | ||
| 650 | _aforest policy | ||
| 650 | _aIndi - geography | ||
| 942 |
_2ddc _cBK _01 |
||
| 999 |
_c1731 _d1731 |
||